00278nam a22000737a 4500008004100000040005500041245006700096260004100163230712b |||||||| |||| 00| 0 eng d aNational Science LibrarycNational Science Library aBoletin del instituto nacional de investigaciones afronomocas  aMadrid: bMinisterio De Agricultura